Areál pod Babou horou s envirocentrom v regióne Orava

Na minha lista:
Detalhes bibliográficos
Autor principal: Žingor, Adam (Author)
Outros Autores: Bránický, Filip (Thesis advisor)
Formato: Manuscrito Livro
Idioma:eslovaco
Publicado em: 2025
Assuntos:
Acesso em linha:http://is.stuba.sk/zp/portal_zp.pl?podrobnosti=186149
CRZP
Tags: Adicionar Tag
Sem tags, seja o primeiro a adicionar uma tag!

MARC

LEADER 00000ntm a22000003a 4500
001 stuzp105333
003 SK-STU
005 20250801124432.2
007 ta
008 150427s2015----xo-----f-mn---000-0-slo-d
040 |a STU  |b slo 
041 0 |a slo 
100 1 |a Žingor, Adam  |u 010310  |4 aut  |U SvF Stavebná fakulta  |T SvF Katedra architektúry  |X 128819  |U V181|V310  |Y 19  |7 128819 
242 0 1 |a The area under Baba Mountain with an environmental center in the Orava region  |y eng 
245 1 0 |a Areál pod Babou horou s envirocentrom v regióne Orava 
260 |c 2025 
650 4 |a Orava  |2 eng 
650 4 |a evocative reconstruction  |2 eng 
650 4 |a lookout tower  |2 eng 
650 4 |a Environmental centre  |2 eng 
650 4 |a envirocentrum  |2 slo 
650 4 |a náznaková rekonštrukcia  |2 slo 
650 4 |a Orava  |2 slo 
650 4 |a náznaková rekonštrukcia  |2 slo 
700 1 |a Bránický, Filip  |u 010310  |k Z1  |4 ths  |U SvF Stavebná fakulta  |T SvF Katedra architektúry  |X 49264  |U V181|V310  |Y 19  |7 A000049264 
856 4 |u http://is.stuba.sk/zp/portal_zp.pl?podrobnosti=186149 
856 4 |u https://opac.crzp.sk/?fn=detailBiblioForm&sid=809C367C54749DCAA142ADFF7E5A  |z CRZP